El estruendo de las rosas

Gespeichert in:
Bibliographische Detailangaben
1. Verfasser: Peyrou, Manuel (VerfasserIn)
Format: Buch
Sprache:Spanisch
Veröffentlicht: Buenos Aires Compañía General Fabril 1969
Schriftenreihe:Los libros de mirasol, 203
Schlagworte:
Tags: Tag hinzufügen
Keine Tags, Fügen Sie den ersten Tag hinzu!

MARC

LEADER 00000nam a2200000 a 4500
001 UCX2740
003 CL-VaPUC
008 910807e19690000AG |||||||||||||||||spa|d
082 0 4 |a Ar863  |b PEY  |2 21 
100 0 |a Peyrou, Manuel  |e author  |9 318808 
245 1 3 |a El estruendo de las rosas 
300 |a 200 p 
942 |c BK 
945 |d 19910807 00:00:00 
260 |a Buenos Aires  |b Compañía General Fabril  |c 1969 
650 0 |a Novelas argentinas  |9 267871 
583 |a last modification  |c 19910807 00:00:00  |k Rodrigo Vera 
490 0 |a Los libros de mirasol, 203 
999 |c 223688  |d 223686 
952 |0 0  |1 0  |4 0  |6 AR_863_000000000000000_PEY_1969  |7 0  |8 A  |9 219712  |a BIBEDU  |b BIBEDU  |d 2019-11-15  |i 2884232  |o Ar863 PEY 1969  |p 2884232  |r 2019-11-15  |w 2019-11-15  |y BK  |k LIT 
952 |0 0  |1 0  |4 0  |6 AR_863_000000000000000_PEY_1969  |7 0  |8 A  |9 219713  |a BIBEDU  |b BIBEDU  |d 2019-11-15  |i 3142728  |o Ar863 PEY 1969  |p 3142728  |r 2019-11-15  |w 2019-11-15  |y BK  |k LIT